A Fenomenologia do espírito como romance de formaáo (Record no. 607200)
[ view plain ]
| 000 -CABECERA | |
|---|---|
| Campo de control de longitud fija | 00444nab a2200145Ia 4500 |
| 003 - IDENTIFICADOR DEL NÚMERO DE CONTROL | |
| Campo de control | ES-SlBCS |
| 005 - FECHA Y HORA DE LA ÚLTIMA TRANSACCIÓN | |
| Campo de control | 20210601134115.0 |
| 008 - CÓDIGOS DE INFORMACIÓN DE LONGITUD FIJA | |
| Campo de control de longitud fija | 140529s2010 xxu||||| |||| 00| 0 por d |
| 041 ## - CÓDIGO DE LENGUA | |
| Código de lengua del texto/banda sonora o título independiente | por |
| 100 1# - PUNTO DE ACCESO PRINCIPAL-NOMBRE DE PERSONA | |
| Nombre de persona | Itamar Borges, Bento |
| 9 (RLIN) | 205762 |
| 245 02 - MENCIÓN DE TÍTULO | |
| Título | A Fenomenologia do espírito como romance de formaáo |
| Mención de responsabilidad, etc. | Bento Itamar Borges |
| 600 14 - PUNTO DE ACCESO ADICIONAL DE MATERIA-NOMBRE DE PERSONA | |
| Nombre personal | Hegel-Goethe |
| 9 (RLIN) | 213672 |
| 773 0# - ENLACE AL DOCUMENTO FUENTE | |
| Título | Veritas |
| Parte(s) relacionada(s) | vol. 55, nº. 3, 2010, págs. 158-177 |
| Número de control del registro relacionado | Rev488 |
| 942 ## - ENTRADA DE ELEMENTOS AGREGADOS (KOHA) | |
| Koha [por defecto] tipo de item | Artículos de revista |
| Suprimido | Perdido | Estropeado | No para préstamo | Localización permanente | Localización actual | Localización en estantería | Fecha adquisición | Préstamos totales | Fecha última consulta | Fecha del precio de reemplazo | Tipo de item de Koha |
|---|---|---|---|---|---|---|---|---|---|---|---|
| San Esteban | San Esteban | Depósito de revistas | 11/07/2014 | 11/07/2014 | 11/07/2014 | Artículos de revista |
